| 000 | 00686 a2200193 4500 | ||
|---|---|---|---|
| 999 |
_c3714 _d3714 |
||
| 020 | _a0137166141 (hardcover) | ||
| 050 | 0 | 0 | _aQA 39.2 CLE 1998 |
| 100 | 1 |
_aCleaves, Cheryl, _d1944- |
|
| 245 | 1 | 0 |
_aCollege mathematics for technology / _cCheryl Cleaves, Margie Hobbs, Paul Dudenhefer. |
| 250 | _a4th ed. | ||
| 264 |
_aNew Jersey : _bPrentice Hall _c1998 |
||
| 300 |
_axv, 1008 p. : _bill. ; ( col.) |
||
| 500 | _aIncludes index. | ||
| 650 | 0 | _aMathematics. | |
| 700 | 1 |
_aHobbs, Margie, _d1943- _eauthor |
|
| 700 | 1 |
_aDudenhefer, Paul. _eauthor |
|
| 942 |
_2lcc _cBK _e4th _h39.2 _iCLE _kQA |
||